000 00278nam a22001337a 4500
003 SGT
020 _a3764334002
082 _a410
_bS89K
100 _aKIMURA, DEREEN
245 _aSPEECH AND LANGUAGE
260 _aBOSTON
_bBIRKHAUSER
_c1989
300 _a75
942 _2ddc
_cBK
999 _c17885
_d17885